000
00218nam a22000857a 4500
008
160908b xxu||||| |||| 00| 0 eng d
100
_9
332
_a
Verma S
245
_a
Mathematics-X
260
_a
New Delhi
_b
S.Chand publication
_c
2011
999
_c
2992
_d
2992